000 00632cam a22002051 4500
003 OSt
005 20170806122646.0
008 751113s1966 enkb b 000 0 eng
040 _aLDCLIB
_cLDCLIB
082 0 4 _a342.6761
_222
_bMOR
100 1 _aMorris, H. F.
_9712
245 1 0 _aUganda :
_cH. F. Morris and James S. Read.
_bthe development of its laws and constitutions /
260 _aLondon :
_bStevens & Sons,,
_c1966.
300 _axvi, 443 p. ;
_c26 cm.
504 _aBibliography: p. 412-416.
650 0 _aConstitutional law
_zUganda.
_9713
650 0 _aLaw
_zUganda.
_9714
700 1 _aRead, James S.
_9715
942 _2ddc
_cBK
999 _c243
_d243